[Event "Minsk op"]
[Site "Minsk"]
[Date "2022.08.07"]
[Round "5"]
[White "Oblamski, Vladimir"]
[Black "Leinov, Roman"]
[Result "0-1"]
[WhiteElo "2065"]
[BlackElo "2178"]
[PlyCount "80"]
[EventDate "2022.08.03"]
[EventType "swiss"]
[EventRounds "9"]
[EventCountry "BLR"]
[SourceTitle "CBM 209 Extra"]
[Source "ChessBase"]
[SourceDate "2022.09.30"]
[SourceVersion "1"]
[SourceVersionDate "2022.09.30"]
[SourceQuality "1"]

1. e4 c5 2. c3 g6 3. Nf3 Bg7 4. d4 cxd4 5. cxd4 d5 6. e5 a6 7. h3 Nc6 8. Nc3 f6 9. exf6 Nxf6 10. Be2 0-0 11. 0-0 Qd6 12. Be3 e6 13. g4 b5 14. a3 Bb7 15. b4 Nd7 16. Qb3 Nb6 17. a4 Nc4 18. axb5 Nxb4 19. Rfb1 Nxe3 20. Qxb4 Qxb4 21. Rxb4 Nc2 22. Rab1 Nxb4 23. Rxb4 a5 24. Rb3 a4 25. Ra3 Rfc8 26. Nxa4 Ra5 27. Kg2 Rca8 28. Bd1 Rxb5 29. Re3 Bc8 30. Be2 Rb4 31. Nc5 Bxd4 32. Nxd4 Rxd4 33. Nxe6 Bxe6 34. Rxe6 Re4 35. Rxe4 dxe4 36. Bc4+ Kg7 37. Bd5 Ra4 38. Kg3 g5 39. h4 h6 40. hxg5 hxg5 0-1

[Event "BLR-chB"]
[Site "Minsk"]
[Date "2020.01.27"]
[Round "2"]
[White "Terzi, Alexei"]
[Black "Oblamski, Vladimir"]
[Result "1-0"]
[WhiteElo "2321"]
[BlackElo "2136"]
[PlyCount "91"]
[EventDate "2020.01.26"]
[EventType "swiss"]
[EventRounds "9"]
[EventCountry "BLR"]
[SourceTitle "CBM 194 Extra"]
[Source "ChessBase"]
[SourceDate "2020.03.31"]
[SourceVersion "1"]
[SourceVersionDate "2020.03.31"]
[SourceQuality "1"]

1. e4 e6 2. d4 d5 3. Bd3 dxe4 4. Bxe4 Nf6 5. Bf3 c5 6. Ne2 cxd4 7. Qxd4 Qxd4 8. Nxd4 a6 9. Nc3 e5 10. Nb3 Nc6 11. Bg5 Bb4 12. 0-0-0 Bxc3 13. bxc3 0-0 14. Bxf6 gxf6 15. Rd6 Be6 16. Bxc6 bxc6 17. Rxc6 a5 18. a3 Rfb8 19. Nc5 Ba2 20. Kd2 Rb2 21. Rc1 Rd8+ 22. Ke3 f5 23. Nd3 f4+ 24. Ke4 Bd5+ 25. Kxe5 Bxc6 26. Nxb2 Rd2 27. Nd3 Ba4 28. Nxf4 Rxf2 29. Ke4 Rd2 30. Ke3 Rd6 31. c4 Rb6 32. Nd5 Re6+ 33. Kd3 Kg7 34. Rf1 Rh6 35. h3 Rg6 36. g4 h5 37. Rf4 Bd7 38. Ne3 hxg4 39. hxg4 Rc6 40. Rd4 Be6 41. Rd8 Rc5 42. Kd4 Rg5 43. c5 Bxg4 44. c6 Be6 45. c7 f5 46. Re8 1-0

[Event "Wch Seniors 65 29th"]
[Site "Bucharest"]
[Date "2019.11.16"]
[Round "5"]
[White "Oblamski, Vladimir"]
[Black "Jurek, Josef"]
[Result "1/2-1/2"]
[WhiteElo "2088"]
[BlackElo "2250"]
[PlyCount "36"]
[EventDate "2019.11.12"]
[EventType "swiss"]
[EventRounds "11"]
[EventCountry "ROU"]
[SourceTitle "CBM 193 Extra"]
[Source "ChessBase"]
[SourceDate "2020.01.31"]
[SourceVersion "1"]
[SourceVersionDate "2020.01.31"]
[SourceQuality "1"]

1. e4 e6 2. d4 d5 3. e5 c5 4. c3 Nc6 5. Nf3 Bd7 6. a3 Nge7 7. b4 cxd4 8. cxd4 Nf5 9. Bb2 b5 10. Bd3 a5 11. Bxf5 exf5 12. bxa5 Rxa5 13. 0-0 Be7 14. Qb3 Be6 15. Bc3 Ra6 16. Qxb5 Qa8 17. Ra2 0-0 18. Rb2 Rb8 1/2-1/2

[Event "European Corporate 2nd"]
[Site "Minsk"]
[Date "2019.08.31"]
[Round "9.2"]
[White "Oblamski, Vladimir"]
[Black "Meribanov, Vitaly"]
[Result "0-1"]
[WhiteElo "2088"]
[BlackElo "2410"]
[PlyCount "66"]
[EventDate "2019.08.30"]
[EventType "team-swiss"]
[EventRounds "9"]
[EventCountry "BLR"]
[SourceTitle "EXT 2020"]
[Source "ChessBase"]
[SourceDate "2019.10.17"]
[SourceVersion "1"]
[SourceVersionDate "2019.10.17"]
[SourceQuality "1"]
[WhiteTeam "Gen Procurator"]
[BlackTeam "Naftan"]
[WhiteTeamCountry "BLR"]
[BlackTeamCountry "BLR"]

1. e4 c5 2. c3 d5 3. exd5 Qxd5 4. d4 Nf6 5. Nf3 Nc6 6. Na3 Bg4 7. Be2 cxd4 8. Nb5 0-0-0 9. Nbxd4 e5 10. Nxc6 Qxc6 11. Qc2 Bc5 12. 0-0 Qe4 13. Qxe4 Nxe4 14. h3 Ng3 15. Re1 Nxe2+ 16. Rxe2 Rd1+ 17. Kh2 Bxf3 18. gxf3 a5 19. Kg2 f6 20. b3 Rhd8 21. a4 R8d3 22. Rc2 Kb8 23. Raa2 Re1 24. Bd2 Rb1 25. Rab2 Ra1 26. Ra2 Rxa2 27. Rxa2 Kc7 28. b4 Bb6 29. Rc2 Kd7 30. c4 axb4 31. Bxb4 Kc6 32. Bf8 Rd7 33. c5 Bc7 0-1

[Event "European Corporate 2nd"]
[Site "Minsk"]
[Date "2019.08.30"]
[Round "2.5"]
[White "Oblamski, Vladimir"]
[Black "Borsuk, Yuriy"]
[Result "0-1"]
[WhiteElo "2088"]
[BlackElo "2269"]
[PlyCount "54"]
[EventDate "2019.08.30"]
[EventType "team-swiss"]
[EventRounds "9"]
[EventCountry "BLR"]
[SourceTitle "EXT 2020"]
[Source "ChessBase"]
[SourceDate "2019.10.17"]
[SourceVersion "1"]
[SourceVersionDate "2019.10.17"]
[SourceQuality "1"]
[WhiteTeam "Gen Procurator"]
[BlackTeam "BAM"]
[WhiteTeamCountry "BLR"]
[BlackTeamCountry "BLR"]

1. e4 e5 2. Nf3 Nc6 3. Bb5 a6 4. Bxc6 dxc6 5. Nc3 Bg4 6. h3 Bxf3 7. Qxf3 Ne7 8. d3 Ng6 9. 0-0 Be7 10. Ne2 Bg5 11. Qh5 Bxc1 12. Raxc1 Qd6 13. g3 0-0-0 14. Kg2 Kb8 15. f4 f6 16. fxe5 Nxe5 17. Qf5 h6 18. a3 Rhe8 19. Rf2 c5 20. b3 Nc6 21. Qf4 Re5 22. a4 Rde8 23. Ng1 Nd4 24. Nf3 g5 25. Qd2 Nxf3 26. Rxf3 Rxe4 27. Rf2 Re3 0-1

[Event "Minsk Kupreichik Memorial rapid"]
[Site "Minsk"]
[Date "2019.08.16"]
[Round "6"]
[White "Leinov, Roman"]
[Black "Oblamski, Vladimir"]
[Result "0-1"]
[WhiteElo "2189"]
[BlackElo "2088"]
[PlyCount "42"]
[EventDate "2019.08.15"]
[EventType "swiss (rapid)"]
[EventRounds "10"]
[EventCountry "BLR"]
[SourceTitle "CBM 191 Extra"]
[Source "ChessBase"]
[SourceDate "2019.09.30"]
[SourceVersion "1"]
[SourceVersionDate "2019.09.30"]
[SourceQuality "1"]

1. d4 d5 2. Nf3 e6 3. g3 Nf6 4. Bg2 Be7 5. 0-0 0-0 6. c4 dxc4 7. Na3 Bxa3 8. bxa3 b5 9. Ne5 Nd5 10. e4 Nb6 11. d5 exd5 12. exd5 Bb7 13. Nc6 Qf6 14. Bf4 Nxc6 15. dxc6 Bxc6 16. Bh3 Nd5 17. Bd2 Rad8 18. Qc1 h6 19. Ba5 Qf3 20. Bg2 Qxg2+ 21. Kxg2 Nf4+ 0-1

[Event "Minsk Amateur op"]
[Site "Minsk"]
[Date "2018.06.26"]
[Round "2"]
[White "Alagulian, Kamo"]
[Black "Oblamski, Vladimir"]
[Result "1/2-1/2"]
[WhiteElo "2304"]
[BlackElo "2083"]
[PlyCount "179"]
[EventDate "2018.06.25"]
[EventType "swiss"]
[EventRounds "9"]
[EventCountry "BLR"]
[SourceTitle "CBM 185 Extra"]
[Source "ChessBase"]
[SourceDate "2018.07.29"]
[SourceVersion "1"]
[SourceVersionDate "2018.07.29"]
[SourceQuality "1"]

1. e4 d5 2. exd5 Qxd5 3. Nc3 Qa5 4. g3 Nf6 5. Bg2 c6 6. Nf3 Bg4 7. h3 Bxf3 8. Qxf3 e6 9. 0-0 Nbd7 10. a3 Be7 11. Rb1 0-0 12. b4 Qc7 13. b5 Nd5 14. bxc6 bxc6 15. d4 Rab8 16. Bd2 N7b6 17. Qd3 Qd7 18. Ne4 Nf6 19. c4 c5 20. Nxf6+ Bxf6 21. d5 Rfd8 22. Rfd1 Qa4 23. Rdc1 Rbc8 24. Be3 Qd7 25. Rb5 Be7 26. Qb1 exd5 27. cxd5 Nxd5 28. Rb7 Qe6 29. Bxd5 Rxd5 30. Rxa7 Bf8 31. Qb7 Rcd8 32. Re1 R8d7 33. Qa6 Rxa7 34. Qxa7 Qxh3 35. Qa8 Qd7 36. Rc1 Qf5 37. a4 Qf3 38. Re1 h5 39. Bxc5 h4 40. Qxf8+ Kh7 41. Qe7 h3 42. Qh4+ Rh5 43. Qe4+ Qxe4 44. Rxe4 h2+ 45. Kh1 Rxc5 46. Kxh2 Rc2 47. Kg2 f5 48. Re6 Ra2 49. Ra6 g6 50. a5 Kg7 51. Ra8 g5 52. a6 g4 53. Kf1 Kh7 54. a7 Kg7 55. Ke1 Kh7 56. Kd1 Kg7 57. Kc1 Kh7 58. Kb1 Ra6 59. Kb2 Ra5 60. Kc3 Ra4 61. Kb3 Ra6 62. Kc4 Kg7 63. Kd5 Ra2 64. Ke5 Re2+ 65. Kd4 Ra2 66. Ke3 Ra4 67. Kd3 Ra3+ 68. Kd4 Ra4+ 69. Ke5 Ra2 70. Kd4 Ra5 71. Ke3 Ra4 72. f4 gxf3 73. Kxf3 Kh7 74. Ke3 Kg7 75. Kd3 Kh7 76. Kc3 Kg7 77. Kb3 Ra6 78. Kb4 Ra1 79. Kb5 Rb1+ 80. Kc5 Ra1 81. Kd6 Ra6+ 82. Ke5 Ra5+ 83. Ke6 Ra6+ 84. Kxf5 Ra5+ 85. Kg4 Ra1 86. Kh4 Ra2 87. g4 Ra4 88. Kh5 Ra1 89. g5 Ra4 90. g6 1/2-1/2

[Event "Minsk Amateur op"]
[Site "Minsk"]
[Date "2018.06.25"]
[Round "1"]
[White "Oblamski, Vladimir"]
[Black "Gharagyozyan, Artur"]
[Result "1/2-1/2"]
[WhiteElo "2083"]
[BlackElo "2310"]
[PlyCount "156"]
[EventDate "2018.06.25"]
[EventType "swiss"]
[EventRounds "9"]
[EventCountry "BLR"]
[SourceTitle "CBM 185 Extra"]
[Source "ChessBase"]
[SourceDate "2018.07.29"]
[SourceVersion "1"]
[SourceVersionDate "2018.07.29"]
[SourceQuality "1"]

1. e4 c5 2. c3 d5 3. exd5 Qxd5 4. d4 Nf6 5. Nf3 Bg4 6. Nbd2 Nc6 7. Bc4 Qd7 8. Qb3 e6 9. Ne5 Qc7 10. Nxg4 Nxg4 11. h3 Nf6 12. Nf3 cxd4 13. Nxd4 Nxd4 14. cxd4 0-0-0 15. Be3 Kb8 16. 0-0 Nd5 17. Rac1 Qb6 18. Rfd1 Be7 19. Rd2 g5 20. Bxd5 Rxd5 21. Qxb6 axb6 22. f4 Rg8 23. Rf1 g4 24. hxg4 Rxg4 25. Rf3 Kc7 26. Rdf2 Rf5 27. g3 h5 28. Kg2 Rg8 29. Kh3 b5 30. a3 Kd7 31. Bd2 Rc8 32. Bc3 Rc4 33. Rd2 Ra4 34. Re3 Bd6 35. Rc2 Rc4 36. Rd2 Rd5 37. Rf3 Rc8 38. Rdf2 Rf5 39. Kg2 Rg8 40. Kf1 Rg4 41. Ke2 h4 42. gxh4 Rxh4 43. Bd2 Kc6 44. Kd3 Kd5 45. Rf1 Rh2 46. R1f2 Rxf2 47. Rxf2 Rh5 48. Rf3 f5 49. Bc3 Rh2 50. Bd2 Rh4 51. Kc2 Rg4 52. Kd3 Be7 53. Bc3 Bf6 54. Ke3 Bh4 55. Bd2 Kc4 56. Ke2 Rg2+ 57. Ke3 Rg3 58. Rxg3 Bxg3 59. Bb4 Bh4 60. Bc5 Bf6 61. Bb6 Kb3 62. Kd3 Kxb2 63. Bc5 Kb3 64. Bd6 Bg7 65. Be7 Bh6 66. Bd6 b6 67. d5 exd5 68. Kd4 Bg7+ 69. Kxd5 Bb2 70. Bc7 Bc1 71. Bxb6 Bxa3 72. Ke6 Kc4 73. Ba5 Bc1 74. Kxf5 Kd5 75. Be1 Be3 76. Ba5 Bd4 77. Kg6 Kc4 78. f5 b4 1/2-1/2

[Event "Minsk Kupreichik Memorial"]
[Site "Minsk"]
[Date "2018.06.23"]
[Round "12"]
[White "Oblamski, Vladimir"]
[Black "Sveshnikov, Evgeny"]
[Result "0-1"]
[WhiteElo "2083"]
[BlackElo "2464"]
[PlyCount "112"]
[EventDate "2018.06.21"]
[EventType "tourn (rapid)"]
[EventRounds "13"]
[EventCountry "BLR"]
[EventCategory "7"]
[SourceTitle "CBM 185 Extra"]
[Source "ChessBase"]
[SourceDate "2018.07.29"]
[SourceVersion "1"]
[SourceVersionDate "2018.07.29"]
[SourceQuality "1"]

1. e4 c5 2. c3 Nf6 3. e5 Nd5 4. d4 cxd4 5. cxd4 d6 6. Nf3 Nc6 7. Bc4 Nb6 8. Bb5 dxe5 9. Nxe5 Bd7 10. Nxd7 Qxd7 11. Nc3 e6 12. 0-0 Rd8 13. Be3 Be7 14. Qg4 0-0 15. Rfd1 f5 16. Qg3 Nd5 17. Bg5 f4 18. Qh4 Bxg5 19. Qxg5 Rf5 20. Qg4 Nxc3 21. Bxc6 Qxc6 22. bxc3 f3 23. Rd3 fxg2 24. Qxg2 Qd5 25. Rg3 Rd7 26. a4 Rdf7 27. Qxd5 exd5 28. Ra2 h5 29. Rb2 Kh7 30. a5 h4 31. Re3 Kg6 32. Kg2 Rg5+ 33. Kf1 Kh5 34. h3 Rgf5 35. Rbe2 g5 36. Kg2 Rc7 37. Re5 Kg6 38. Rxf5 Kxf5 39. Re5+ Kf4 40. Rxd5 Rxc3 41. Rd7 Rb3 42. d5 Ke5 43. Kh2 a6 44. Rg7 Kf6 45. Rc7 Rb5 46. Rh7 Rxd5 47. Rxb7 Rxa5 48. Rb8 Kg6 49. Kg2 Rf5 50. Ra8 Rf6 51. Ra7 Kf5 52. Ra8 Ke4 53. Rd8 a5 54. Kf1 Ra6 55. Rg8 a4 56. Rxg5 a3 0-1

[Event "Minsk Kupreichik Memorial"]
[Site "Minsk"]
[Date "2018.06.22"]
[Round "9"]
[White "Tukmakov, Vladimir B"]
[Black "Oblamski, Vladimir"]
[Result "1/2-1/2"]
[WhiteElo "2540"]
[BlackElo "2083"]
[PlyCount "90"]
[EventDate "2018.06.21"]
[EventType "tourn (rapid)"]
[EventRounds "13"]
[EventCountry "BLR"]
[EventCategory "7"]
[SourceTitle "CBM 185 Extra"]
[Source "ChessBase"]
[SourceDate "2018.07.29"]
[SourceVersion "1"]
[SourceVersionDate "2018.07.29"]
[SourceQuality "1"]

1. Nf3 d5 2. d4 e6 3. c4 a6 4. e3 Nf6 5. Nc3 dxc4 6. Bxc4 b5 7. Be2 Bb7 8. 0-0 Nbd7 9. Bd2 Be7 10. a3 c5 11. dxc5 Nxc5 12. Qc2 0-0 13. Rfd1 Rc8 14. Rac1 Qb6 15. Be1 Rfd8 16. Nd4 Nce4 17. Qb1 Nxc3 18. Bxc3 Nd5 19. Be1 Rxc1 20. Rxc1 Bf6 21. Nb3 Rc8 22. Na5 Ne7 23. Nxb7 Qxb7 24. Bf3 Rxc1 25. Qxc1 Qd7 26. Qc2 h6 27. g3 g6 28. b3 Kg7 29. a4 bxa4 30. bxa4 Qd6 31. Qc4 Nd5 32. a5 h5 33. h4 Be5 34. Be2 Nc7 35. f4 Bf6 36. Bb4 Qd7 37. Qc5 Nd5 38. Ba3 Nxe3 39. Qf8+ Kh7 40. Bc5 Nf5 41. Kg2 Bd4 42. Bb4 Ne3+ 43. Kf2 Nd5+ 44. Kg2 Ne3+ 45. Kf2 Nd5+ 1/2-1/2

[Event "Minsk Kupreichik Memorial"]
[Site "Minsk"]
[Date "2018.06.21"]
[Round "5"]
[White "Balashov, Yuri S"]
[Black "Oblamski, Vladimir"]
[Result "1-0"]
[WhiteElo "2423"]
[BlackElo "2083"]
[PlyCount "91"]
[EventDate "2018.06.21"]
[EventType "tourn (rapid)"]
[EventRounds "13"]
[EventCountry "BLR"]
[EventCategory "7"]
[SourceTitle "CBM 185 Extra"]
[Source "ChessBase"]
[SourceDate "2018.07.29"]
[SourceVersion "1"]
[SourceVersionDate "2018.07.29"]
[SourceQuality "1"]

1. e4 d5 2. exd5 Qxd5 3. Nf3 Bg4 4. Be2 Bxf3 5. Bxf3 Qe5+ 6. Be2 Nc6 7. c3 0-0-0 8. d4 Qd6 9. 0-0 e5 10. dxe5 Qxd1 11. Rxd1 Rxd1+ 12. Bxd1 Nxe5 13. Be2 Bd6 14. Nd2 Nf6 15. Nc4 Nxc4 16. Bxc4 Rf8 17. h3 Nd7 18. Be3 Ne5 19. Bb3 a6 20. Rd1 f6 21. f4 Ng6 22. g3 Ne7 23. Kg2 Nc6 24. Be6+ Kb8 25. Kf3 Rd8 26. h4 Re8 27. Bf7 Rf8 28. Bd5 Ne7 29. Be6 Nc8 30. h5 h6 31. c4 b6 32. a3 a5 33. Bxc8 Kxc8 34. Bxb6 Bxa3 35. Bxc7 Kxc7 36. bxa3 Rb8 37. Ke4 a4 38. g4 Kc6 39. Kf5 Rb3 40. g5 fxg5 41. fxg5 hxg5 42. Kg6 Rh3 43. Rd5 g4 44. Rg5 g3 45. Kxg7 g2 46. h6 1-0

[Event "Minsk Kupreichik Memorial"]
[Site "Minsk"]
[Date "2018.06.21"]
[Round "2"]
[White "Oblamski, Vladimir"]
[Black "Kovalev, Andrei"]
[Result "0-1"]
[WhiteElo "2083"]
[BlackElo "2518"]
[PlyCount "90"]
[EventDate "2018.06.21"]
[EventType "tourn (rapid)"]
[EventRounds "13"]
[EventCountry "BLR"]
[EventCategory "7"]
[SourceTitle "CBM 185 Extra"]
[Source "ChessBase"]
[SourceDate "2018.07.29"]
[SourceVersion "1"]
[SourceVersionDate "2018.07.29"]
[SourceQuality "1"]

1. e4 d6 2. d4 Nf6 3. f3 g6 4. Nc3 Bg7 5. Be3 0-0 6. Qd2 e5 7. dxe5 dxe5 8. Qxd8 Rxd8 9. Bc4 Nc6 10. Nge2 Na5 11. Bb3 b6 12. Kf2 Ba6 13. Rhd1 c6 14. Rxd8+ Rxd8 15. Rd1 Rxd1 16. Nxd1 Nxb3 17. axb3 Bf8 18. g4 Nd7 19. h4 Be7 20. g5 Nf8 21. f4 exf4 22. Nxf4 h6 23. Nh3 Bc8 24. Kg3 hxg5 25. hxg5 Nh7 26. Ndf2 Be6 27. Ng4 Kf8 28. e5 Bxg4 29. Kxg4 Ke8 30. Nf2 Kd7 31. Ne4 Ke6 32. Bf4 Nf8 33. Nf6 Bxf6 34. exf6 Kd5 35. Kf3 Ne6 36. Be3 Ke5 37. Kg4 Ke4 38. Bg1 c5 39. Bh2 a5 40. Bb8 b5 41. Ba7 Kd5 42. Bb6 a4 43. bxa4 bxa4 44. Ba5 Nd4 45. c3 Ne6 0-1

[Event "Minsk Bronstein Memorial op"]
[Site "Minsk"]
[Date "2017.02.18"]
[Round "2"]
[White "Oblamski, Vladimir"]
[Black "Kovalev, Vladislav"]
[Result "0-1"]
[WhiteElo "2116"]
[BlackElo "2598"]
[PlyCount "86"]
[EventDate "2017.02.18"]
[EventType "swiss (rapid)"]
[EventRounds "10"]
[EventCountry "BLR"]
[SourceTitle "EXT 2018"]
[Source "ChessBase"]
[SourceDate "2017.10.13"]
[SourceVersion "1"]
[SourceVersionDate "2017.10.13"]
[SourceQuality "1"]

1. e4 e5 2. Nf3 Nc6 3. Bb5 a6 4. Bxc6 dxc6 5. Nc3 f6 6. d4 Bg4 7. dxe5 Qxd1+ 8. Nxd1 Bxf3 9. gxf3 fxe5 10. f4 Nf6 11. fxe5 Nxe4 12. Be3 0-0-0 13. f3 Nc5 14. f4 Ne6 15. Nf2 g6 16. Rf1 Be7 17. Rd1 Rdf8 18. Ne4 Rf7 19. Ng3 Rhf8 20. f5 gxf5 21. Bh6 Re8 22. Rxf5 Rxf5 23. Nxf5 Bg5 24. Ng7 Nxg7 25. Bxg7 Bf4 26. h3 Bxe5 27. Bxe5 Rxe5+ 28. Kf2 Ra5 29. a3 Rc5 30. Rd2 a5 31. c3 a4 32. Rd4 Rb5 33. Rxa4 Rxb2+ 34. Kg3 Rb3 35. Ra8+ Kd7 36. Rh8 Rxc3+ 37. Kg4 Rxa3 38. Rxh7+ Kd6 39. h4 c5 40. h5 c4 41. Rf7 Ra1 42. h6 Rh1 43. h7 c3 0-1

[Event "EU-ch blitz"]
[Site "Minsk"]
[Date "2015.12.18"]
[Round "3.33"]
[White "Goganov, Aleksey"]
[Black "Oblamski, Vladimir"]
[Result "1-0"]
[WhiteElo "2597"]
[BlackElo "2125"]
[PlyCount "43"]
[EventDate "2015.12.18"]
[EventType "swiss (blitz)"]
[EventRounds "22"]
[EventCountry "BLR"]
[SourceTitle "EXT 2017"]
[Source "ChessBase"]
[SourceDate "2016.10.25"]
[SourceVersion "1"]
[SourceVersionDate "2016.10.25"]
[SourceQuality "1"]

1. d4 d5 2. c4 e6 3. Nf3 a6 4. cxd5 exd5 5. Nc3 c6 6. Qc2 Bd6 7. Bg5 f6 8. Bh4 Ne7 9. e3 Bf5 10. Bd3 Bxd3 11. Qxd3 0-0 12. 0-0 Ng6 13. e4 Nxh4 14. Nxh4 dxe4 15. Nxe4 Be7 16. Nf5 Qd7 17. Qh3 g6 18. Qb3+ Kh8 19. Nxe7 Qxe7 20. Rfe1 Qg7 21. Nc5 Rd8 22. Ne6 1-0

[Event "Minsk op"]
[Site "Minsk"]
[Date "2014.07.22"]
[Round "7"]
[White "Kolesnik, Eduard"]
[Black "Oblamski, Vladimir"]
[Result "1-0"]
[WhiteElo "2292"]
[BlackElo "2142"]
[PlyCount "139"]
[EventDate "2014.07.16"]
[EventType "swiss"]
[EventRounds "9"]
[EventCountry "BLR"]
[SourceTitle "CBM 161 Extra"]
[Source "ChessBase"]
[SourceDate "2014.08.29"]
[SourceVersion "1"]
[SourceVersionDate "2014.08.29"]
[SourceQuality "1"]

1. e4 d5 2. exd5 Qxd5 3. Nc3 Qa5 4. d4 Nf6 5. Nf3 Bf5 6. Ne5 c6 7. Bc4 e6 8. g4 Be4 9. f3 Bd5 10. Bd3 Nfd7 11. Bd2 Qb6 12. Qe2 Qxd4 13. Nxd7 Nxd7 14. 0-0-0 0-0-0 15. Bg5 Re8 16. Rhe1 Ba3 17. Bd2 Bd6 18. Kb1 Bf4 19. Nxd5 Bxd2 20. Rxd2 cxd5 21. Bb5 Qf4 22. c4 d4 23. Qf2 e5 24. Re4 Qf6 25. Bxd7+ Kxd7 26. Qe2 g5 27. c5 Re6 28. Qb5+ Kc7 29. Rd3 Re7 30. a4 Rhe8 31. Qc4 Qa6 32. Qc2 f6 33. b4 Qc6 34. Kb2 Rd8 35. Ka3 Rd5 36. a5 b6 37. axb6+ axb6 38. Qc4 b5 39. Qb3 Rd8 40. Kb2 Red7 41. Re1 Ra8 42. Rdd1 Qd5 43. h4 h6 44. hxg5 hxg5 45. Rh1 Ra4 46. Qxd5 Rxd5 47. Kb3 d3 48. Rh7+ Kc8 49. Rh8+ Kc7 50. Rdh1 Rd4 51. R1h7+ Rd7 52. Rxd7+ Kxd7 53. Rh1 Ra6 54. Rd1 Ke6 55. Rxd3 f5 56. Rd8 fxg4 57. fxg4 e4 58. Rg8 Ke5 59. Rxg5+ Kd4 60. Rg8 Re6 61. Rd8+ Ke3 62. Rd6 Re8 63. c6 Ke2 64. c7 Rc8 65. Rd7 e3 66. Kc3 Ke1 67. Kd3 e2 68. Re7 Kf1 69. Rxe2 Rxc7 70. Re5 1-0

[Event "EU-Cup 28th"]
[Site "Eilat"]
[Date "2012.10.17"]
[Round "7.6"]
[White "Oblamski, Vladimir"]
[Black "Lysyj, Igor"]
[Result "0-1"]
[WhiteElo "2114"]
[BlackElo "2628"]
[PlyCount "92"]
[EventDate "2012.10.11"]
[EventType "team-swiss"]
[EventRounds "7"]
[EventCountry "ISR"]
[SourceTitle "CBM 151"]
[Source "ChessBase"]
[SourceDate "2012.11.13"]
[SourceVersion "1"]
[SourceVersionDate "2012.11.13"]
[SourceQuality "1"]
[WhiteTeam "Vesnianka Gran"]
[BlackTeam "Saratov Economist"]
[WhiteTeamCountry "BLR"]
[BlackTeamCountry "RUS"]

1. e4 e6 2. d4 d5 3. e5 c5 4. c3 Nc6 5. Nf3 Bd7 6. a3 f6 7. Bd3 fxe5 8. dxe5 Nh6 9. 0-0 Nf7 10. Re1 g6 11. h4 Be7 12. g3 c4 13. Bc2 Qc7 14. Qe2 0-0-0 15. Ba4 Rhg8 16. Bxc6 Bxc6 17. Nd4 Bd7 18. Nd2 g5 19. hxg5 Nxg5 20. f3 h5 21. Kg2 Nf7 22. Nf1 Bc5 23. Bf4 Nh8 24. Kh2 Rdf8 25. Rad1 h4 26. Ne3 Ng6 27. Ng4 Nxf4 28. gxf4 Rxf4 29. Kh1 Be7 30. Rg1 Rgf8 31. Qh2 Bc5 32. Nf6 R4xf6 33. exf6 Qxh2+ 34. Kxh2 e5 35. Rg5 exd4 36. Rxd5 Bb6 37. cxd4 Rxf6 38. Rg1 Bc7+ 39. Kh1 Bg3 40. Rc5+ Kd8 41. Rxc4 Rxf3 42. Rgc1 Rd3 43. R1c3 Rd2 44. Rc2 Rxc2 45. Rxc2 Bc6+ 46. Kg1 h3 0-1

[Event "EU-Cup 28th"]
[Site "Eilat"]
[Date "2012.10.16"]
[Round "6.6"]
[White "Kaufeld, Juergen"]
[Black "Oblamski, Vladimir"]
[Result "1-0"]
[WhiteElo "2326"]
[BlackElo "2114"]
[PlyCount "89"]
[EventDate "2012.10.11"]
[EventType "team-swiss"]
[EventRounds "7"]
[EventCountry "ISR"]
[SourceTitle "CBM 151"]
[Source "ChessBase"]
[SourceDate "2012.11.13"]
[SourceVersion "1"]
[SourceVersionDate "2012.11.13"]
[SourceQuality "1"]
[WhiteTeam "Eynatten"]
[BlackTeam "Vesnianka Gran"]
[WhiteTeamCountry "BEL"]
[BlackTeamCountry "BLR"]

1. e4 d5 2. exd5 Qxd5 3. Nc3 Qa5 4. d4 Nf6 5. Bd2 Bg4 6. f3 Bf5 7. g4 Bd7 8. Bc4 Qb6 9. g5 Nh5 10. Qe2 e6 11. f4 g6 12. f5 Be7 13. 0-0-0 Na6 14. Nf3 0-0-0 15. Ne5 Be8 16. Be3 c5 17. dxc5 Rxd1+ 18. Rxd1 Bxc5 19. Bxc5 Nxc5 20. fxe6 fxe6 21. Qd2 Ng7 22. b4 Na4 23. Nxa4 Bxa4 24. Qc3 Qc7 25. Nf7 Rg8 26. Nd6+ Kb8 27. b5 Nf5 28. Nxf5 gxf5 29. Qb4 Qf4+ 30. Kb1 Rc8 31. Qxa4 Qxc4 32. Qxc4 Rxc4 33. Rd8+ Kc7 34. Rh8 Rb4+ 35. Kc1 Rxb5 36. Rxh7+ Kd6 37. g6 f4 38. h4 f3 39. Rf7 Re5 40. Kd1 Re4 41. h5 Rg4 42. g7 e5 43. Rf6+ Ke7 44. Rg6 f2 45. Ke2 1-0

[Event "EU-Cup 28th"]
[Site "Eilat"]
[Date "2012.10.13"]
[Round "3.6"]
[White "Oblamski, Vladimir"]
[Black "Chernomordik, Pavel"]
[Result "1-0"]
[WhiteElo "2114"]
[BlackElo "2274"]
[PlyCount "81"]
[EventDate "2012.10.11"]
[EventType "team-swiss"]
[EventRounds "7"]
[EventCountry "ISR"]
[SourceTitle "CBM 151"]
[Source "ChessBase"]
[SourceDate "2012.11.13"]
[SourceVersion "1"]
[SourceVersionDate "2012.11.13"]
[SourceQuality "1"]
[WhiteTeam "Vesnianka Gran"]
[BlackTeam "Petah Tikva"]
[WhiteTeamCountry "BLR"]
[BlackTeamCountry "ISR"]

1. e4 g6 2. d4 Bg7 3. Nc3 d6 4. Nf3 a6 5. a4 b6 6. Bd3 Nd7 7. 0-0 c5 8. Be3 Bb7 9. h3 cxd4 10. Bxd4 Ngf6 11. Re1 0-0 12. Rb1 e5 13. Be3 d5 14. exd5 Nxd5 15. Nxd5 Bxd5 16. Nd2 Qc7 17. Qe2 Qb7 18. f3 f5 19. Bc4 Kh8 20. Bxd5 Qxd5 21. Red1 Qc6 22. Nc4 Qxa4 23. Ra1 Qb5 24. Rxd7 Qxd7 25. Nxb6 Qb7 26. Nxa8 Rxa8 27. c3 h5 28. Bg5 a5 29. Rd1 Re8 30. Rd6 Kh7 31. Qd2 e4 32. Rd7 Qb6+ 33. Kh1 Rg8 34. fxe4 fxe4 35. Qf4 Qxb2 36. Qc7 Qb5 37. Be3 Qb1+ 38. Kh2 Qf1 39. Bd4 Qf8 40. Rf7 Qb8 41. Rxg7+ 1-0

[Event "EU-Cup 25th"]
[Site "Ohrid"]
[Date "2009.10.04"]
[Round "1.6"]
[White "Persson, Mats"]
[Black "Oblamski, Vladimir"]
[Result "1-0"]
[WhiteElo "2198"]
[BlackElo "2227"]
[PlyCount "85"]
[EventDate "2009.10.04"]
[EventType "team-swiss"]
[EventRounds "7"]
[EventCountry "MKD"]
[SourceTitle "CBM 133"]
[Source "ChessBase"]
[SourceDate "2009.11.19"]
[SourceVersion "1"]
[SourceVersionDate "2009.11.19"]
[SourceQuality "1"]
[WhiteTeam "Oslo"]
[BlackTeam "Gran Vesnianka"]
[WhiteTeamCountry "NOR"]
[BlackTeamCountry "BLR"]

1. e4 d5 2. exd5 Qxd5 3. Nc3 Qa5 4. Bc4 Nf6 5. d3 c6 6. Bd2 Nbd7 7. Nf3 Ne5 8. Nd5 Nxf3+ 9. Qxf3 Qd8 10. Nxf6+ exf6 11. 0-0 Be7 12. Qg3 Kf8 13. Rfe1 Bd6 14. Bf4 Bxf4 15. Qxf4 g5 16. Qe4 Bd7 17. Bb3 Kg7 18. Qb4 b6 19. Re7 Be8 20. Rae1 a5 21. Qg4 h5 22. Qe4 Rf8 23. c3 Bd7 24. d4 Qxe7 25. Qxe7 Rae8 26. f3 Rxe7 27. Rxe7 Be8 28. a4 Rh8 29. Kf2 Kf8 30. Rb7 b5 31. Ra7 bxa4 32. Bxa4 Rh6 33. Rxa5 Ke7 34. b4 Bd7 35. Bc2 Rh8 36. Ke3 Kd6 37. Kd2 h4 38. c4 Rb8 39. Kc3 Rb7 40. Be4 Rb8 41. c5+ Kc7 42. Ra7+ Kd8 43. d5 1-0